Normal view
MARC view
- Biswas, Gautam
Entry Personal Name
001 - CONTROL NUMBER
- control field: 83627
003 - CONTROL NUMBER IDENTIFIER
- control field: NUST
005 - DATE AND TIME OF LATEST TRANSACTION
- control field: 20211102094242.0
008 - FIXED-LENGTH DATA ELEMENTS
- fixed length control field: 211102|| aca||aabn | a|a d
040 ## - CATALOGING SOURCE
- Original cataloging agency: NUST
- Transcribing agency: NUST
100 ## - HEADING--PERSONAL NAME
- Personal name: Biswas, Gautam
670 ## - SOURCE DATA FOUND
- Source citation: Work cat.: (NUST): Biswas, Gautam, Fundamentals of convective heat transfer, 2019.
